01127nam a22002297a 4500999001700000003000900017008004100026020001800067040007100085082002500156110003600181245012400217260004600341300006200387505021700449650003100666650002900697650003100726942001600757945002000773952010400793  c12301d12301AR-CdUCM190402b           ||||| |||| 00| 0 spa d  a9972-876-08-X  aMUNICIPALIDAD PROVINCIAL DEL CUSCOcBIBLIOTECA MUNICIPAL DEL CUSCO  aEP / 372.510 /bAP64  aMinisterio de Educación97325  aÁrea lógico - matemática :bAprendemos matemática /bCuaderno de trabajo /b3er grado de educación primaria /  aLima :bMinisterio de educación,c2001.  a157 paginas ;bilustraciones, graficos, dibujos, c28 cm.  aContenido :Usamos los números -- Aplicamos las operaciones de adición y sustracción -- Descubrimos la multiplicación -- Construimos las tablas de multiplicar por 2 y por 3 -- Construimos la división ...  aEducación primaria91561  aTextos educativos910256  aCuaderno de trabajo911620  2ddccLIBROS  arumd2019-04-08  002ddc4070aSIbSIcCHILDd2019-04-08g13.00oEP / 372.510 / AP64pSI00001464r2019-04-08yLIBROS